Представление документа в формате RUSMARC

ПолеНазваниеЗначение
  Тип записи a
  Библиографический уровень a
001 Контрольный номер RU/CBS_UL/BASE/651518914
005 Дата корректировки 20240209175246.6
100 Данные общей обработки __
a Данные общей обработки 20200823d2020 ||| 0rusy0189 ca
101 Язык документа 0_
a Язык текста rus
102 Страна публикации __
a Страна публикации RU
105 Кодированные данные (монография) __
a Кодированные данные (монография) y###||||000|y
181 Поле кодированных данных: вид содержания _1
a Код вида содержания (ISBD) i#
b Код характеристики содержания (ISBD) #xxe##
d i
g x
h x
i e
2 Код системы (источник кода, отличный от ISBD) isbdcontent
182 Поле кодированных данных: тип средства _1
a Код типа средства (ISBD) n
2 Код системы (источник кода, отличный от ISBD) isbdmedia
200 Заглавие и сведения об ответственности 1_
a Заглавие Территория счастливого детства
b Общее обозначение материала Текст
e Сведения, относящиеся к заглавию [рейтинг стран с высоким уровнем организации детского отдыха]
f Первые сведения об ответственности А. Трафонова
w Текст (визуальный) : непосредственный
203 Вид содержания и тип средства __
a Вид содержания Текст
b Характеристика содержания визуальный
c Тип средства непосредственный
333 Примечание о целевом назначении __
a Примечание о целевом назначении 16+
461 Уровень набора _0
1 2000
a Кудесница
463 Уровень физической единицы _0
1 001RU/CBS_UL/BASE/651176220
1 2000
a № 6
v С. 62-65
1 210
d 2020
606 Тематические рубрики 0_
a Основная рубрика Педагогика
y Географическая подрубрика Франция
y Географическая подрубрика Финляндия
y Географическая подрубрика Швеция
610 Ключевые слова 0_
a Ключевые слова дети
610 Ключевые слова 0_
a Ключевые слова воспитание детей
610 Ключевые слова 0_
a Ключевые слова воспитание детей в европейских странах
610 Ключевые слова 0_
a Ключевые слова занятость детей
610 Ключевые слова 0_
a Ключевые слова школы за рубежом
610 Ключевые слова 0_
a Ключевые слова детские сады за рубежом
686 Индексы других классификаций __
a Классификационный индекс 74
2 Код системы rubbk
700 Автор _1
a Фамилия Трафонова
b Имя (инициалы) А.
801 Источник записи _0
a Страна RU
b Организация МБУК ЦБС г. Ульяновска
c Дата составления 20200823
g Правила каталогизации RCR
801 Источник записи _1
a Страна RU
b Организация МБУК ЦБС г. Ульяновска
c Дата составления 20200823
g Правила каталогизации RCR
901 Тип документа __
t Тип документа b
w Контрольный № источника RU/CBS_UL/BASE/651176220
910 Корректоры записи __
a Корректор записи Библиотека 7-3
938 Служебная информация __
a Имя БД period